| 000 | 01365nam a22002297a 4500 | ||
|---|---|---|---|
| 999 |
_c59277 _d59277 |
||
| 003 | Ge_BSU | ||
| 005 | 20221228153734.0 | ||
| 008 | 221228s2021ge xxu||||| |||| 00| 0 geo d | ||
| 041 | _ageo | ||
| 080 | _a323.1(031)ნ-37 | ||
| 245 |
_aნაციონალიზმი : _bენციკლოპედიური ცნობარი / _cავტორთა ჯგუფი: ივანე წერეთელი, ირაკლი ჩხაიძე, მალხაზ მაცაბერიძე, დავით მაცაბერიძე ; რედაქტორი მალხაზ მაცაბერიძე ; |
||
| 264 |
_aთბილისი, _c 2021. |
||
| 300 |
_a192 გვ. ; _b 29,5 სმ |
||
| 653 | _aნაციონალიზმი -- ენციკლოპედიები. | ||
| 700 |
_a წერეთელი, ივანე _916612 |
||
| 700 |
_aჩხაიძე, ირაკლი _916613 |
||
| 700 |
_aმაცაბერიძე, მალხაზ _916614 |
||
| 700 |
_aმაცაბერიძე, დავით _916615 |
||
| 700 |
_aმაცაბერიძე, მალხაზ _eრედაქტორი _916616 |
||
| 710 |
_aშოთა რუსთაველის ეროვნული სამეცნიერო ფონდი. _96480 |
||
| 942 |
_2udc _cBK |
||